Places To Study

There are group study rooms, individual study carrels, computer labs, and other spaces to study in the Libraries.

Reserve A Group Room

Online Resources

Access thousands of eBooks, audiobooks, and online journals from the comfort of your home.

Explore Resources

Events and Workshops

Join our upcoming events and workshops to enhance your skills and knowledge.

View Events

အဋ္ဌသာလိနီ အဋ္ဌကထာနိဿယ၊ (Record no. 2520)

MARC details
000 -LEADER
fixed length control field 00991nam a22001817a 4500
003 - CONTROL NUMBER IDENTIFIER
control field OSt
005 - DATE AND TIME OF LATEST TRANSACTION
control field 20251118162041.0
008 - FIXED-LENGTH DATA ELEMENTS--GENERAL INFORMATION
fixed length control field 251118b |||||||| |||| 00| 0 eng d
040 ## - CATALOGING SOURCE
Transcribing agency DCL
082 ## - DEWEY DECIMAL CLASSIFICATION NUMBER
Classification number ၂၉၄.၃၈၂၄၁
130 ## - MAIN ENTRY--UNIFORM TITLE
Uniform title တိပိဋက။
Name of part/section of a work အဘိဓမ္မာပိဋက။
Title of a work အဋ္ဌသာလိနီ၊
Language of a work အဋ္ဌကထာ၊
Version နိဿယ။
245 ## - TITLE STATEMENT
Title အဋ္ဌသာလိနီ အဋ္ဌကထာနိဿယ၊
Remainder of title ပထမတွဲ /
Statement of responsibility, etc. ပြည်ဆရာတော်ဘုရားကြီး။
264 ## - PRODUCTION, PUBLICATION, DISTRIBUTION, MANUFACTURE, AND COPYRIGHT NOTICE
Place of production, publication, distribution, manufacture ရန်ကုန် ၊
Name of producer, publisher, distributor, manufacturer ဣစ္ဆာသယစာပုံနှိပ်တိုက်၊
Date of production, publication, distribution, manufacture, or copyright notice ၁၉၇၃။
300 ## - PHYSICAL DESCRIPTION
Extent စ၊ ၆၀၇ စာမျက်နှာ ၊
Dimensions ၂၅ စင်တီ။
650 ## - SUBJECT ADDED ENTRY--TOPICAL TERM
Topical term or geographic name entry element အဋ္ဌသာလိနီ
Form subdivision အဋ္ဌကထာနိဿယ။
700 ## - ADDED ENTRY--PERSONAL NAME
Personal name ပြည်ဆရာတော်ဘုရားကြီး။
942 ## - ADDED ENTRY ELEMENTS (KOHA)
Source of classification or shelving scheme Dewey Decimal Classification
Koha item type Short Term
Suppress in OPAC No
Holdings
Withdrawn status Lost status Source of classification or shelving scheme Damaged status Not for loan Collection Accession No. Home library Current library Shelving location Date acquired Total checkouts Full call number Barcode Date last seen Price effective from Koha item type
    Dewey Decimal Classification     Myanmar Pitaka Collection ၁၃၂၄ Dhammadhara Dhammadhara Myanmar Pitaka Shelves 18/11/2025   ၂၉၄.၃၈၂၄၁ အဘိ ၁၃၂၄ MB00001324 18/11/2025 18/11/2025 Short Term